| 000 | 00410nam a22001457a 4500 | ||
|---|---|---|---|
| 020 | _a0471041432 | ||
| 040 | _cNUST | ||
| 082 |
_a610.28 _bCAR'I |
||
| 100 |
_aCarr, Joseph J. _926343 |
||
| 110 |
_aBROWN, JOHN M. _9132714 |
||
| 245 | _aIntroduction to Biomedical Equipment Technology | ||
| 260 |
_aNEW YORK: _bJohn Wiley & Sons, _c1981. |
||
| 650 |
_aBiomedical Equipment Technology _9132715 |
||
| 942 |
_2ddc _cBK |
||
| 999 |
_c615775 _d615775 |
||